000 00723nam a22001937a 4500
999 _c192454
_d192454
005 20220922114024.0
010 _aENG-135181
020 _a9788187552671
_c650.00
035 _aEN-118713
037 _bDBAD/PUB
082 _a025.4
100 _aPhadke, Dattatray Narayan.
245 _aLibrary Information Technology/
_cby Dattatray Narayan Phadke
260 _aPune
_bUniversal Prakashan
_c2018
270 _a 27, Budhwar Peth,
_bPune
_e411030
_k020-24450976
_l24451780
_muniversalboolstall5@gmail.com
300 _axxxv,618p.
_c24cm.(pbk)
500 _aUseful as a Guide in Library Computerisation and Automation. LIS students find it very useful for SET/NET Exam.
942 _cEN
_h025.4
_2ddc
_mPHA